[Event "Andorra op"]
[Site "Andorra"]
[Date "1991.??.??"]
[Round "?"]
[White "Zarnicki, Pablo"]
[Black "Tukmakov, Vladimir B"]
[Result "0-1"]
[WhiteElo "2390"]
[BlackElo "2520"]

1.e4 c5 2.Nf3 Nc6 3.Bb5 e6 4.O-O Nge7 5.c3 a6 6.Ba4 b5 7.Bc2 Bb7 8.d4 cxd4
9.Nxd4 Ng6 10.a4 b4 11.Nxc6 Bxc6 12.cxb4 Qb8 13.Be3 Bxb4 14.Nd2 O-O 15.Nc4 a5
16.Qh5 Ra6 17.Bd4 f6 18.Rad1 Qb7 19.Qg4 f5 20.exf5 exf5 21.Qg3 Bd5 22.Nb6 Be6
23.Bb3 Rxb6 24.Bxb6 Qxb6 25.Rxd7 Kh8 26.Bxe6 Qxe6 27.Qc7 Qf6 28.b3 h6 29.Rfd1 Kh7
30.Rd8 Rxd8 31.Qxd8 Qxd8 32.Rxd8 Nf4 33.Kf1 Ne6 34.Rd3 Kg6 35.g3 Kf6 36.Ke2 Nc5
37.Re3 g5 38.Kd1 f4 39.gxf4 gxf4 40.Rh3 Kg5 41.Ke2 h5 42.Rf3 Kg4 43.h3+ Kf5  0-1

[Event "Andorra op"]
[Site "Andorra"]
[Date "1991.??.??"]
[Round "?"]
[White "Belkhodja, Slim"]
[Black "Vazquez, Rod"]
[Result "1/2-1/2"]
[WhiteElo "2365"]
[BlackElo "2460"]

1.e4 c5 2.Nf3 Nc6 3.Bb5 d6 4.O-O Bd7 5.Re1 Nf6 6.c3 a6 7.Bf1 Bg4 8.h3 Bxf3
9.Qxf3 g6 10.Na3 Bg7 11.Nc2 O-O 12.d4 cxd4 13.cxd4 Rc8 14.d5 Ne5 15.Qd1 Ned7
16.g3 Qb6 17.Rb1 Qc5 18.Na1 Ne5 19.Kg2 b5 20.Nb3 Qc7 21.Bg5 e6 22.Rc1 Qd7
23.Rxc8 Rxc8 24.Qd2 Nc4 25.Bxc4 Rxc4 26.Bxf6 Bxf6 27.Na5 Rd4 28.Qf4 Kg7 29.Nc6 Ra4
30.b4 Rxa2 31.Re3 h6 32.h4 exd5 33.Rf3 Ba1 34.exd5 h5 35.Qe3 Kf8 36.Qb3 Ra4
37.Qd3 Kg8 38.Qe4 Kg7 39.Qf4  1/2-1/2

[Event "JUG-Cup qual"]
[Site "Arandjelovac"]
[Date "1991.??.??"]
[Round "1"]
[White "Martinovic, Slobodan"]
[Black "Dezelin, Milan"]
[Result "1-0"]
[WhiteElo "2430"]
[BlackElo "2320"]

1.e4 c5 2.Nf3 Nc6 3.Bb5 g6 4.c3 Bg7 5.d4 cxd4 6.cxd4 Nf6 7.Nc3 d5 8.Ne5 Bd7
9.Nxd7 Qxd7 10.e5 Qe6 11.O-O Nd7 12.Be3 O-O 13.f4 f5 14.Rc1 Nb6 15.Na4 Nxa4
16.Qxa4 Rfc8 17.Rc5 a6 18.Be2 Qf7 19.Rfc1 e6 20.a3 Bf8 21.R5c3 Qd7 22.Qc2 Kf7
23.h3 Na7 24.Rc7 Rxc7 25.Qxc7 Ke8 26.Qb6 Nc6 27.g4 fxg4 28.hxg4 Rc8 29.Bd3 Be7
30.Rc3 Bd8 31.Qb3 Na5 32.Qc2 Rxc3 33.Qxc3 Nc6 34.b4 Ne7 35.Kg2 Bb6 36.Kf3 Qa4
37.Ke2 Qd7 38.Qb3 h5 39.gxh5 gxh5 40.Qd1 Kd8 41.Qg1 Qa4 42.Qg7 Qe8 43.f5 exf5
44.Bg5 Bxd4 45.Qf6  1-0

[Event "JUG-Cup qual"]
[Site "Arandjelovac"]
[Date "1991.??.??"]
[Round "2"]
[White "Radibratovic, Predrag"]
[Black "Drasko, Milan"]
[Result "0-1"]
[WhiteElo "2350"]
[BlackElo "2500"]

1.e4 c5 2.Nf3 Nc6 3.Bb5 e6 4.Bxc6 bxc6 5.e5 f6 6.d3 Qc7 7.Bf4 Ne7 8.Bg3 fxe5
9.Nxe5 d6 10.Nc4 Nf5 11.Nbd2 Be7 12.O-O h5 13.Nf3 g5 14.h4 g4 15.Ng5 Nxg3
16.fxg3 Bxg5 17.hxg5 d5 18.g6 dxc4 19.Rf7 Qe5 20.Qf1 Qd4+ 21.Kh1 h4 22.Re1 hxg3+
23.Rh7 Rxh7+ 24.gxh7 Bd7 25.Qf5 O-O-O 26.Qg6 cxd3 27.cxd3 Rf8 28.Qh6 Qh8
29.Qg6 Kc7 30.Kg1 Qd4+ 31.Kh1 Rf5 32.Qh6 Qf2 33.Rg1 Re5  0-1

[Event "JUG-Cup qual"]
[Site "Arandjelovac"]
[Date "1991.??.??"]
[Round "3"]
[White "Simonovic, Aleksandar"]
[Black "Djukic, Zeljko"]
[Result "0-1"]
[WhiteElo "2310"]
[BlackElo "2420"]

1.e4 c5 2.Nf3 Nc6 3.Bb5 e6 4.O-O Nge7 5.Re1 a6 6.Bf1 d5 7.exd5 Qxd5 8.Nc3 Qd8
9.b3 Nf5 10.Bb2 Be7 11.Ne4 O-O 12.g3 b6 13.Bg2 Bb7 14.d3 Qc7 15.c3 Rfd8 16.Qc2 Rd7
17.Rad1 Rad8 18.Bc1 Rd5 19.Bg5 Bxg5 20.Nexg5 h6 21.Nh3 b5 22.Nf4 R5d6 23.d4 cxd4
24.cxd4 Qb6 25.d5 Nb4 26.Qb1 Nxd5 27.Nxd5 Bxd5 28.Ne5 Bxg2 29.Rxd6 Rxd6 30.Kxg2 Rd2
31.Ng4 h5 32.Qc1 Qd4  0-1

[Event "ARG-ch sf"]
[Site "?"]
[Date "1991.??.??"]
[Round "4"]
[White "Rosito, Jorge"]
[Black "Aparicio, Anibal"]
[Result "1/2-1/2"]
[WhiteElo "2330"]
[BlackElo "2330"]

1.e4 c5 2.Nf3 Nc6 3.Bb5 g6 4.O-O Bg7 5.c3 Nf6 6.Re1 O-O 7.d4 Qb6 8.Qa4 cxd4
9.e5 Ne8 10.cxd4 Nc7 11.Nc3 Nxb5 12.Qxb5 Qxb5 13.Nxb5 b6 14.Bd2 Bb7 15.Rac1 Rac8
16.d5 Na5 17.Nc7 Nc6 18.Nb5 Nb8 19.Nc7 Na6 20.Nxa6 Bxa6 21.Bb4 Rfe8 22.Rxc8 Bxc8
23.Rc1 Bb7 24.Rc7 Bxd5 25.Rxd7 Bxf3 26.gxf3 Bxe5 27.Bxe7 Bxb2 28.Rxa7 Be5
29.Bg5 Kg7 30.Be3 b5 31.f4 Bc3 32.Kg2 Rd8 33.Kf3 Rd5 34.h3 b4 35.Kg3 h5 36.Kf3 Rd1
37.Kg2 Ra1 38.Kf3 Rh1 39.Kg2 Ra1 40.Ra4 Rb1 41.Ra7 Rb2 42.Kf3 Rb1 43.Ra4 Kf6
44.Ra6+ Kf5 45.Bc5 Rh1 46.Kg2 Ra1 47.Rb6 Rxa2 48.Bxb4 Rb2 49.Bc5 Rxb6 50.Bxb6 Kxf4
51.Bc7+ Be5 52.Ba5 Ke4 53.Bd2 Bf4 54.Ba5 Bg5 55.Bc7 f5 56.Bd6 Kd3 57.Kf3 Kd2
58.Bb4+ Kd1 59.Ba5 Bd2 60.Bb6 Ke1 61.Bd8 Kf1 62.h4 Kg1 63.Kg3 Bb4 64.Bb6 Kf1
65.Kh3 Bd6 66.Ba7 Bf4 67.Bb6 Kg1 68.Bc5 Kf1 69.Bb6 Be5 70.Bc5 Ke2 71.Kg2 f4
72.f3 Kd3 73.Bb6 Bd4 74.Bc7 Be3 75.Bd6 Kd4 76.Bc7 Bd2 77.Bd6 Kd5 78.Bc7 Ke6
79.Kh3 Kf5 80.Bd6 Be1 81.Bc7 Bg3 82.Bd8 Ke5 83.Be7  1/2-1/2

[Event "ARG-ch"]
[Site "?"]
[Date "1991.??.??"]
[Round "7"]
[White "Rosito, Jorge"]
[Black "Soppe, Guillermo"]
[Result "0-1"]
[WhiteElo "2330"]
[BlackElo "2420"]

1.e4 c5 2.Nf3 Nc6 3.Bb5 d6 4.d4 cxd4 5.Qxd4 Bd7 6.Bxc6 Bxc6 7.Nc3 Nf6 8.Bg5 e6
9.O-O-O Be7 10.Rhe1 O-O 11.Qd3 Qa5 12.Bd2 Qc7 13.Nd4 Rfd8 14.f3 a6 15.g4 Nd7
16.g5 Bf8 17.h4 b5 18.Nxc6 Qxc6 19.Ne2 Ne5 20.Qb3 a5 21.Nd4 a4 22.Qxb5 Qc7
23.Qe2 Rdb8 24.f4 Nc4 25.Bc3 d5 26.e5 Rb7 27.Rd3 Rab8 28.b3 Na3 29.Kd2 Rc8
30.Rc1 Qb6 31.Ba1 Rbc7 32.Kd1 Bc5 33.Qd2 Qa6 34.Bb2 Bxd4 35.Bxa3 Bc3 36.Qe3 d4
37.Qe2 axb3 38.Rxc3 Qxe2+ 39.Kxe2 Rxc3 40.axb3 Rxc2+ 41.Rxc2 Rxc2+ 42.Kd3 Rc3+
43.Kxd4 Rxb3  0-1

[Event "Asuncion"]
[Site "Asuncion"]
[Date "1991.??.??"]
[Round "7"]
[White "Vazquez, Renier"]
[Black "Gamarra Caceres, Carlos"]
[Result "1-0"]
[WhiteElo "2460"]
[BlackElo "2215"]

1.e4 c5 2.Nf3 Nc6 3.Bb5 e6 4.O-O Nge7 5.Re1 a6 6.Bf1 d5 7.exd5 Nxd5 8.d4 cxd4
9.Nxd4 Be7 10.Nxc6 bxc6 11.Qf3 Bd7 12.c4 Nf6 13.Bf4 O-O 14.Nc3 Qb6 15.Rad1 c5
16.Be5 Bc6 17.Qh3 Nd7 18.Bd3 g6 19.Bxg6 fxg6 20.Qxe6+ Rf7 21.Rxd7 Qxb2 22.Qxf7+ Kxf7
23.Nd5 Bxd7 24.Bxb2 Bd8 25.Be5 Bf5 26.Re3 Bc2 27.g4 Ra7 28.Bd6 Rb7 29.Bxc5 Rb1+
30.Kg2 Rb2 31.Re2 Rxa2 32.Nb4 Ra5 33.Rxc2 Rxc5 34.Nxa6 Rg5 35.h3 Ra5 36.Nb4 Bb6
37.Nd3 Ra3 38.c5 Bc7 39.Nb4 Ke6 40.Re2+ Kd7 41.Rd2+ Ke6 42.Nd5 Ba5 43.Rd1 Ra2
44.Kf3 Rc2 45.Nf4+ Ke7 46.Rd5 Bc7 47.Nd3 Rc4 48.Ke3 Rc2 49.h4 Ke6 50.Rd4 h5
51.gxh5 gxh5 52.Re4+ Kd7 53.Ne5+ Ke6 54.Nd3+ Kd7 55.Rb4 Bd8 56.Rf4 Ke6 57.Rb4 Kd7
58.Rb7+ Kc6 59.Rh7 Rc4 60.f4 Rc2 61.Rh8 Be7 62.Rc8+ Kb5 63.Rb8+ Kc4 64.c6 Bd6
65.Rd8 Bc7 66.Rd7 Bb6+ 67.Kf3  1-0

[Event "Athens"]
[Site "Athens"]
[Date "1991.??.??"]
[Round "3"]
[White "Georgiev, Krum"]
[Black "Andrianov, Nikolai"]
[Result "1-0"]
[WhiteElo "2480"]
[BlackElo "2445"]

1.e4 c5 2.Nf3 Nc6 3.Bb5 e6 4.O-O Nge7 5.b3 a6 6.Bxc6 Nxc6 7.Bb2 d6 8.d4 cxd4
9.Nxd4 Qf6 10.Na3 Nxd4 11.Bxd4 Qg6 12.Nc4 Qxe4 13.Re1 Qh4 14.Bc3 Qd8 15.Qf3 Rb8
16.Rad1 b5 17.Bxg7 bxc4 18.Bxh8 cxb3 19.axb3 Rb5 20.Bf6 Qc7 21.c4 Bb7 22.Qh3 Ra5
23.b4 Ra4 24.Rxe6+ fxe6 25.Qxe6+ Be7 26.Re1  1-0

[Event "AUT-ch"]
[Site "?"]
[Date "1991.??.??"]
[Round "?"]
[White "Brestian, Egon"]
[Black "Hoelzl, Franz"]
[Result "0-1"]
[WhiteElo "2475"]
[BlackElo "2385"]

1.e4 c5 2.Nf3 Nc6 3.Bb5 Nf6 4.e5 Nd5 5.O-O Nc7 6.a4 g6 7.c3 Bg7 8.d4 O-O
9.Re1 cxd4 10.cxd4 d6 11.Na3 Bg4 12.Bxc6 bxc6 13.h3 Be6 14.b4 Qd7 15.Nc2 f6
16.exd6 exd6 17.Ba3 Rfe8 18.Ne3 Bh6 19.Qc2 Nd5 20.Nxd5 Bxd5 21.Nd2 Re6 22.Nf1 f5
23.Rxe6 Qxe6 24.b5 Rc8 25.bxc6 Rxc6 26.Qb2 Rb6 27.Qc2 Bg7 28.Ne3 Be4 29.Qc7 Bxd4
30.Rd1 Bxe3 31.fxe3 Bd5 32.Qc1 Rb3 33.Bb2 Bxg2 34.Kxg2 Rxe3 35.Kg1 Rg3+ 36.Kh2 f4  0-1

[Event "AUT-chT playoff"]
[Site "?"]
[Date "1991.??.??"]
[Round "?"]
[White "Mahdi, Khaled"]
[Black "Laube, Bernhard"]
[Result "1-0"]
[WhiteElo "2360"]
[BlackElo "2230"]

1.e4 c5 2.Nf3 Nc6 3.Bb5 e6 4.Bxc6 bxc6 5.O-O d5 6.d3 Nf6 7.Nc3 Be7 8.Re1 O-O
9.Bg5 Rb8 10.b3 Re8 11.Na4 Nd7 12.Bf4 Ra8 13.Ne5 Nxe5 14.Bxe5 dxe4  1-0

[Event "AUT-chT playoff"]
[Site "?"]
[Date "1991.??.??"]
[Round "?"]
[White "Mahdi, Khaled"]
[Black "Lenz, Alarich"]
[Result "1-0"]
[WhiteElo "2360"]
[BlackElo "2245"]

1.e4 c5 2.Nf3 Nc6 3.Bb5 g6 4.O-O Bg7 5.Re1 Nf6 6.Bxc6 bxc6 7.d3 O-O 8.Nc3 d6
9.e5 Nd5 10.exd6 exd6 11.Ne4 Re8 12.c4 Nc7 13.Bg5 f6 14.Bf4 Bf8 15.Qa4 Bb7
16.Qa5 Ne6 17.Qxd8 Rexd8 18.Nxf6+ Kf7 19.Rxe6 Kxe6 20.Nxh7 Be7 21.Bg5 Bxg5
22.Nfxg5+ Kf5 23.Re1 Bc8 24.Re4  1-0

[Event "AUT-chT"]
[Site "?"]
[Date "1991.??.??"]
[Round "?"]
[White "Feistenauer, Fred"]
[Black "Hanel, Reinhard"]
[Result "1/2-1/2"]
[WhiteElo "2300"]
[BlackElo "2370"]

1.e4 c5 2.Nf3 Nc6 3.Bb5 g6 4.O-O Bg7 5.c3 Nf6 6.Re1 O-O 7.d4 cxd4 8.e5 Nd5
9.cxd4 d6 10.Bxc6 bxc6 11.Nc3 Bg4 12.Nxd5 cxd5 13.h3 Bxf3 14.Qxf3 dxe5 15.dxe5 Rc8
16.Qd3 Qd7 17.f4 Rc6 18.Be3 Rfc8 19.Rec1 e6 20.b3 Bf8 21.Rxc6 Rxc6 22.Rc1 Rxc1+
23.Bxc1 Bc5+ 24.Kh2 Bb6 25.Bd2 Qc8 26.Be3  1/2-1/2

[Event "AUT-chT"]
[Site "?"]
[Date "1991.??.??"]
[Round "?"]
[White "Feistenauer, Fred"]
[Black "Horvath, Csaba"]
[Result "0-1"]
[WhiteElo "2300"]
[BlackElo "2460"]

1.e4 c5 2.Nf3 Nc6 3.Bb5 g6 4.O-O Bg7 5.c3 Nf6 6.Re1 O-O 7.h3 e5 8.d3 Re8
9.Be3 b6 10.Bxc6 dxc6 11.Qc2 Ba6 12.Rd1 Qc7 13.Na3 Rad8 14.Rac1 Re7 15.b4 Red7
16.d4 exd4 17.cxd4 cxb4 18.Nb1 c5 19.Re1 Qb7 20.dxc5 bxc5 21.e5 Ne4 22.Bxc5 Bd3
23.Qb3 Nxc5 24.Rxc5 Bf5 25.Qa4 Bf8 26.Rcc1 Bxh3 27.Re3 Bh6  0-1

[Event "AUT-chT"]
[Site "?"]
[Date "1991.??.??"]
[Round "?"]
[White "Schueller, Ernst"]
[Black "Pils, Walter"]
[Result "1/2-1/2"]
[WhiteElo "2235"]
[BlackElo "2355"]

1.e4 c5 2.Nf3 Nc6 3.Bb5 d6 4.O-O Bd7 5.Re1 Nf6 6.Bxc6 Bxc6 7.e5 dxe5 8.Nxe5 Rc8
9.d3 e6 10.Nc3 Be7 11.a4 O-O 12.Nb5 Qb6 13.c4 Be8 14.Bf4 a6 15.a5 Qd8 16.Nc3 Nd7
17.Nf3 Nb8 18.Qe2 Nc6 19.Ra3 Nd4 20.Qd1 f6 21.Ra1 e5 22.Nxd4 cxd4 23.Nd5 Bd6
24.Bd2 Bf7 25.Nb6 Rc6 26.b4 f5 27.Rb1 Bc7 28.b5 Rg6 29.bxa6 bxa6 30.Qf3 Bxb6
31.axb6 Rxb6 32.Rxb6 Qxb6 33.Rxe5 Qb1+ 34.Re1 Qc2 35.Bb4 Rb8 36.h3 h6 37.Bd6 Rb1
38.Rxb1 Qxb1+ 39.Kh2 f4 40.Bxf4 Qb6 41.Be5 Qe6 42.Qf4 Bg6 43.Qxd4 Bxd3 44.c5 Qg6
45.f3 Bf1 46.Qf2 Bb5 47.Qb2 h5 48.Qd2 Kh7 49.Bc3 Kg8 50.h4 Kh7 51.Kg1 Kg8
52.Qd8+ Kh7 53.Qb8 Qb1+ 54.Kh2 Qg6 55.Be5 Bf1 56.Qb2 Bb5 57.Qa1 Kg8 58.c6 Bxc6
59.Qxa6 Kh7 60.Qc8 Bd5  1/2-1/2

[Event "AUT-chT"]
[Site "?"]
[Date "1991.??.??"]
[Round "?"]
[White "Schuh, Franz"]
[Black "Hanel, Reinhard"]
[Result "0-1"]
[WhiteElo "2355"]
[BlackElo "2365"]

1.e4 c5 2.Nf3 Nc6 3.Bb5 g6 4.O-O Bg7 5.c3 Nf6 6.Re1 O-O 7.d4 cxd4 8.cxd4 d5
9.e5 Ne4 10.Nc3 Nxc3 11.bxc3 Qa5 12.a4 Bg4 13.Re3 Rfc8 14.h3 a6 15.Bf1 Be6
16.Nd2 Qc7 17.Nb3 b6 18.Ba3 Bh6 19.Rg3 a5 20.Bc1 Bg7 21.Bd2 f6 22.f4 fxe5
23.fxe5 Rf8 24.Nc1 Rf7 25.Nd3 Raf8 26.Be2 Nd8 27.Rf3 Bf5 28.Nf2 Ne6 29.Qb3 Qd8
30.Rf1 h5 31.Qd1 Qc7 32.g4 hxg4 33.hxg4 Bc2 34.Qxc2 Nxd4 35.Qd3 Nxe2+ 36.Qxe2 Rxf3
37.Kg2 Qxe5 38.Qxe5 Bxe5 39.Bh6 Rg3+ 40.Kh2 Rxg4+ 41.Kh3 Rg3+ 42.Kh4 Rf5  0-1

[Event "AUT-chT"]
[Site "?"]
[Date "1991.??.??"]
[Round "?"]
[White "Lenz, Alarich"]
[Black "Kaspret, Guido"]
[Result "1-0"]
[WhiteElo "2245"]
[BlackElo "2310"]

1.e4 c5 2.Nf3 Nc6 3.Bb5 g6 4.O-O Bg7 5.c3 Nf6 6.Re1 O-O 7.d4 cxd4 8.cxd4 d5
9.e5 Ne4 10.Nc3 Nxc3 11.bxc3 Qa5 12.a4 Bg4 13.Re3 a6 14.Bf1 f6 15.exf6 Rxf6
16.Be2 Bh6 17.Rd3 Bxc1 18.Rxc1 Raf8 19.Qb3 e6 20.Qxb7 Bxf3 21.Rxf3 Rxf3 22.Bxf3 Qxa4
23.Qd7 Rf6 24.Bg4 Qa3 25.Bxe6+ Kh8 26.Rb1 Qxc3 27.Qe8+ Kg7 28.Rb7+ Kh6 29.Rxh7+ Kxh7
30.Qg8+ Kh6 31.Qh8+ Kg5 32.h4+ Kf4 33.Qxf6+ Ke4 34.Qxg6+ Kxd4 35.Qf6+  1-0

[Event "AUT-chT"]
[Site "?"]
[Date "1991.??.??"]
[Round "?"]
[White "Dueckstein, Andreas"]
[Black "Hoelzl, Franz"]
[Result "1/2-1/2"]
[WhiteElo "2375"]
[BlackElo "2390"]

1.e4 c5 2.Nf3 Nc6 3.Bb5 Nf6 4.Qe2 e5 5.c3 Qc7 6.O-O g6 7.Na3 Bg7 8.d4 cxd4
9.cxd4 O-O 10.dxe5 Nxe5 11.Bf4 d6 12.Rac1 Qe7 13.Nxe5 dxe5 14.Bg5 a6 15.Bc4 Qb4
16.Be3 Kh8 17.Bd3 Nd7 18.Nc4 Re8 19.Rfd1 b5 20.Nb6 Nxb6 21.Bxb6 Be6  1/2-1/2

[Event "URS-chT"]
[Site "Azov"]
[Date "1991.??.??"]
[Round "?"]
[White "Nevednichy, Vladislav"]
[Black "Kiselev, Sergey"]
[Result "1/2-1/2"]
[WhiteElo "2455"]
[BlackElo "2510"]

1.e4 c5 2.Nf3 Nc6 3.Bb5 g6 4.Bxc6 dxc6 5.h3 Bg7 6.d3 e5 7.Be3 Qe7 8.Qd2 Nf6
9.Qc3 Nd7 10.a3 a5 11.a4 b6 12.Na3 f5 13.Nc4 f4 14.Bc1 Ba6 15.b3 O-O 16.Bb2 Rae8
17.Qd2 Rf7 18.Ba3 Bc8 19.Bb2 Ba6 20.Ba3 Bc8  1/2-1/2

[Event "URS-chT"]
[Site "Azov"]
[Date "1991.??.??"]
[Round "?"]
[White "Zagrebelny, Sergey"]
[Black "Ikonnikov, Vyacheslav"]
[Result "1/2-1/2"]
[WhiteElo "2450"]
[BlackElo "2480"]

1.e4 c5 2.Nf3 Nc6 3.Bb5 g6 4.Bxc6 dxc6 5.h3 Bg7 6.d3 e5 7.Be3 Qe7 8.Nbd2 f6
9.a4 Be6 10.O-O Nh6 11.c3 O-O 12.d4 cxd4 13.cxd4 Nf7 14.dxe5 fxe5 15.Qc2 Rfd8
16.Rfd1 Qc7 17.Ng5 Nxg5 18.Bxg5 Rd7 19.Nf3 h6 20.Rxd7 Qxd7 21.Bh4 Re8 22.Bg3 Bf7
23.a5 b6 24.Qc3 Qd6 25.axb6 axb6 26.b4 c5 27.bxc5 Qxc5 28.Qxc5 bxc5 29.Ra5 Rc8
30.Bxe5 c4 31.Ra1 c3 32.Bxg7 Kxg7 33.Rc1 Kf6 34.Nd4 Ke5 35.Nb5 c2 36.f4+ Kxf4
37.Nd4  1/2-1/2

[Event "URS Spartakiada (Women)"]
[Site "Azov"]
[Date "1991.??.??"]
[Round "5"]
[White "Fomina, Tatyana"]
[Black "Karakashian, Narine"]
[Result "1-0"]
[WhiteElo "2235"]
[BlackElo "2190"]

1.e4 c5 2.Nf3 Nc6 3.Bb5 g6 4.O-O Bg7 5.c3 e5 6.Re1 Nge7 7.d3 O-O 8.Be3 d6
9.Qc1 Be6 10.Bh6 Bxh6 11.Qxh6 f6 12.Nbd2 Kh8 13.Bc4 Qd7 14.Rad1 Na5 15.Bxe6 Qxe6
16.d4 cxd4 17.cxd4 Rfc8 18.h4 Ng8 19.Qe3 Rc2 20.Qa3 b6 21.d5 Qd7 22.b4 Nb7
23.Rc1 Rxc1 24.Rxc1 a5 25.Nc4 Qd8 26.bxa5 bxa5 27.Rb1 Nc5 28.Nfd2 Rb8 29.Rxb8 Qxb8
30.Qb2 Qxb2 31.Nxb2 f5 32.Nbc4 Nb7 33.f3 Nf6 34.Kf2 fxe4 35.fxe4 Kg7 36.Kf3 h5
37.a4 Nd7 38.Nb3 Kf6 39.Ncxa5 Nxa5 40.Nxa5 Nc5 41.Nc4 Nxa4 42.Nxd6 Nc5 43.Nc4 Nb3
44.g3 Nc5 45.Ke3 Nb3 46.Nd2 Nc5 47.Nf3 Nb7 48.Ng5 Nc5 49.Kd2 Nb3+ 50.Kc3 Nc1
51.Kc4 Ne2 52.d6 Nxg3 53.Kd5  1-0

[Event "URS Spartakiada (Women)"]
[Site "Azov"]
[Date "1991.??.??"]
[Round "5"]
[White "Ionescu Brandis, Irina"]
[Black "Stepovaia Dianchenko, Tatiana"]
[Result "0-1"]
[WhiteElo "2135"]
[BlackElo "2295"]

1.e4 c5 2.Nf3 Nc6 3.Bb5 e6 4.O-O Nge7 5.b3 a6 6.Bxc6 Nxc6 7.Bb2 b5 8.d4 cxd4
9.Nxd4 Qf6 10.Bc3 Qg6 11.Re1 Bb7 12.Re3 Bc5 13.Nxc6 Bxc6 14.Rg3 Qxe4 15.Bxg7 Rg8
16.Nd2 Qf5 17.Nf3 O-O-O 18.c3 Bxf3 19.Rxf3 Qe4 20.Rg3 f5 21.Qe1 Qxe1+ 22.Rxe1 f4
23.Rg4 Bf8 24.Bxf8 Rxg4 25.Bd6 Rdg8 26.g3 fxg3 27.hxg3 Kb7 28.Rd1 Kc6 29.Be5 d5
30.b4 Re4 31.Bd4 e5 32.f3 exd4 33.fxe4 dxe4 34.Rxd4 Rxg3+ 35.Kf2 Rxc3 36.Rxe4 Rc2+
37.Ke3 Rxa2 38.Rh4 Ra4 39.Kd3 h5 40.Rf4 Kd6 41.Rf6+ Ke7  0-1

[Event "Bad Ragaz op"]
[Site "Bad Ragaz"]
[Date "1991.??.??"]
[Round "5"]
[White "Ambroz, Jan"]
[Black "Weindl, Alfred"]
[Result "1/2-1/2"]
[WhiteElo "2425"]
[BlackElo "2360"]

1.e4 c5 2.Nf3 Nc6 3.Bb5 e6 4.O-O Nge7 5.Nc3 Nd4 6.Nxd4 cxd4 7.Ne2 Qb6 8.a4 a6
9.Bd3 Nc6 10.c3 Be7 11.a5 Qa7 12.Ra4 Bf6 13.b3 O-O 14.Ba3 Re8 15.cxd4 Nxd4
16.Nxd4 Bxd4 17.e5 g6 18.Qe2 b5 19.axb6 Bxb6 20.h4 Bc5 21.Rc1 Bxa3 22.Rxa3 Bb7
23.Rca1 Qd4 24.Bxa6 Rxa6 25.Rxa6 Qd5 26.f3 Bxa6 27.Rxa6 Qxb3 28.Rd6 Qa4  1/2-1/2

[Event "JUG-ch"]
[Site "Banja Vrucica"]
[Date "1991.??.??"]
[Round "?"]
[White "Vratonjic, Slobodan"]
[Black "Pavlovic, Dragoljub"]
[Result "0-1"]
[WhiteElo "2375"]
[BlackElo "2355"]

1.e4 c5 2.Nf3 Nc6 3.Bb5 e6 4.O-O Nge7 5.b3 a6 6.Bxc6 Nxc6 7.Bb2 d6 8.d4 cxd4
9.Nxd4 Bd7 10.c4 Be7 11.Nc3 O-O 12.Qd2 Qa5 13.Rfd1 Qh5 14.Nc2 Rfd8 15.Ne3 Ne5
16.h3 Bc6 17.f4 Ng6 18.Rf1 b5 19.cxb5 axb5 20.a3 Qc5 21.b4 Qb6 22.Kh1 Qb7
23.Rae1 Bh4 24.Re2 Bxe4 25.f5 exf5 26.Nxf5 Bxf5 27.Rxf5 Ne5 28.Ne4 Be7 29.Qf4 f6
30.Qg3 Kh8 31.Rh5 Bf8 32.Qh4 g6 33.Qxf6+ Bg7 34.Rxh7+ Kxh7 35.Ng5+ Kh8 36.Qf2 Kg8
37.Qh4 Bf6 38.Rf2 Bxg5 39.Qxg5 Rf8 40.Rd2 Qf7 41.Rxd6 Qf5 42.Qd2 Nc4 43.Qh6 Qf1+
44.Kh2 Qf4+  0-1

[Event "JUG-ch"]
[Site "Banja Vrucica"]
[Date "1991.??.??"]
[Round "?"]
[White "Lejlic, Samir"]
[Black "Abramovic, Bosko"]
[Result "1/2-1/2"]
[WhiteElo "2295"]
[BlackElo "2520"]

1.e4 c5 2.Nf3 Nc6 3.Bb5 e6 4.O-O Nge7 5.c3 d5 6.exd5 Qxd5 7.d4 cxd4 8.Nxd4 Bd7
9.Be2 Nxd4 10.cxd4 Bc6 11.Bf3 Qf5 12.Bxc6+ Nxc6 13.Qb3 O-O-O 14.Be3 Nxd4
15.Qc4+ Qc5 16.Qa4 Kb8 17.Rd1 e5 18.Na3 Qb4 19.Qb5 Qxb5 20.Nxb5 Bc5 21.Nxd4 exd4
22.Bf4+ Ka8 23.Rac1 Rc8 24.Kf1 Rhe8 25.Re1 b6 26.Rc4 a5 27.Rxe8 Rxe8 28.a3 d3
29.b4 axb4 30.axb4 Bd6 31.Be3 Bxh2 32.Rd4 Bc7 33.Rd7 Kb8 34.Rxf7 Rd8 35.Ke1 Bd6
36.b5 Bb4+ 37.Kd1 d2 38.Rf4 Ba5 39.Rc4 Kb7 40.Bd4 g6 41.Bc3 Rc8 42.Rxc8 Kxc8
43.Kxd2 Kc7 44.Kd3 Bxc3 45.Kxc3 Kd6 46.Kd4 h5 47.f3 Ke6 48.Ke4 g5 49.f4  1/2-1/2

[Event "JUG-ch"]
[Site "Banja Vrucica"]
[Date "1991.??.??"]
[Round "?"]
[White "Vujosevic, Vladimir"]
[Black "Pavlovic, Dragoljub"]
[Result "1/2-1/2"]
[WhiteElo "2380"]
[BlackElo "2355"]

1.e4 c5 2.Nf3 Nc6 3.Bb5 e6 4.O-O Nge7 5.c3 a6 6.Ba4 b5 7.Bc2 Bb7 8.Re1 d5
9.exd5 Nxd5 10.d4 cxd4 11.Nxd4 Nxd4 12.Qxd4 Nf6 13.Qxd8+ Rxd8 14.Nd2 Be7
15.Nb3  1/2-1/2

[Event "JUG-ch"]
[Site "Banja Vrucica"]
[Date "1991.??.??"]
[Round "?"]
[White "Zakic, Srdjan"]
[Black "Krivokapic, Ratko"]
[Result "1-0"]
[WhiteElo "2350"]
[BlackElo "2215"]

1.e4 c5 2.Nf3 Nc6 3.Bb5 Qb6 4.Nc3 e6 5.Bxc6 Qxc6 6.O-O a6 7.d4 cxd4 8.Qxd4 Nf6
9.e5 Bc5 10.Qd3 Ng8 11.Ne4 Ne7 12.Be3 Bxe3 13.Nd6+ Kf8 14.fxe3 Nf5 15.Nd4 Qd5
16.c4 Qxe5 17.N4xf5 exf5 18.Rxf5  1-0

[Event "JUG-ch"]
[Site "Banja Vrucica"]
[Date "1991.??.??"]
[Round "?"]
[White "Radosavljevic, Slobodan"]
[Black "Nikcevic, Nebojsa"]
[Result "0-1"]
[WhiteElo "2285"]
[BlackElo "2440"]

1.e4 c5 2.Nf3 Nc6 3.Bb5 Nf6 4.e5 Nd5 5.O-O Nc7 6.Bxc6 dxc6 7.h3 h6 8.Re1 g5
9.Nh2 Bf5 10.b3 Ne6 11.Bb2 h5 12.d3 Rh6 13.Nd2 Qd5 14.Nhf1 Bh7 15.a4 Bg7
16.Ne3 Qd7 17.a5 O-O-O 18.Ra4 Bh8 19.Ne4 Rg8 20.Rc4 Bxe4 21.Rxe4 Nf4 22.b4 cxb4
23.Rxb4 Re6 24.Qa1 c5 25.Rc4 Kb8 26.Bc3 Rc8 27.Kf1 Bg7 28.Rb1 Bh6 29.Qb2 Rec6
30.Qb5 e6 31.Re4 Nd5 32.Bd2 g4 33.Rb3 gxh3 34.gxh3 R6c7  0-1

[Event "JUG-ch"]
[Site "Banja Vrucica"]
[Date "1991.??.??"]
[Round "?"]
[White "Basagic, Zlatko"]
[Black "Knezevic, Bojan"]
[Result "1/2-1/2"]
[WhiteElo "2370"]
[BlackElo "2370"]

1.e4 c5 2.Nf3 Nc6 3.Bb5 e6 4.O-O Nge7 5.b3 a6 6.Bxc6 Nxc6 7.Bb2 d6 8.d4 cxd4
9.Nxd4 Nxd4 10.Qxd4 e5 11.Qd3 Be7 12.f4 f6 13.f5 Bd7 14.Nc3 Bc6 15.Nd5 Bxd5
16.Qxd5 Qb6+ 17.Kh1 Qc6 18.Rfd1 Qxd5 19.Rxd5 Rc8 20.c4 Rc5 21.Rd2 Rc6 22.a4 Kd7
23.Ba3 Kc7 24.Rad1 Re8 25.Bb4 Bf8 26.Rd3 Rb8 27.Rd5 b6 28.Kg1 Kd7 29.Kf1 Be7
30.R1d3 a5 31.Ba3 Rh8 32.Rh3 Rcc8 33.Rdd3 Kc6 34.Rdg3 Rcg8 35.Rg4 Bf8 36.Rgh4 h6
37.Rg4 Rh7 38.Rhg3 Kd7 39.Bc1 Kc6 40.Rg6 Rgh8 41.Ke2 h5 42.Be3 Kc7 43.Bf2 Kc6
44.b4 axb4 45.Rb3 Be7 46.Rxb4 Bd8 47.Rg3 g5 48.Rgb3 Rb7 49.a5 Bc7 50.axb6 Bd8
51.Rb5 Be7 52.Rd5 Ra8 53.Rb2 Ra4 54.Kd3 Ra3+ 55.Kd2 Rb8 56.Rc2 Ra4 57.Kd3 Ra3+
58.Kd2 Ra4 59.Rd3 Rba8 60.Rb3 Ra2 61.Rcb2 Rxb2+ 62.Rxb2 Bd8 63.Kc3 Rb8 64.c5 dxc5
65.Kc4  1/2-1/2

[Event "BUL-chT"]
[Site "Bankia"]
[Date "1991.??.??"]
[Round "1"]
[White "Petkov, Vladimir"]
[Black "Djonev, Svetozar"]
[Result "0-1"]
[WhiteElo "2295"]
[BlackElo "2225"]

1.e4 c5 2.Nf3 Nc6 3.Bb5 g6 4.O-O Bg7 5.c3 e5 6.d4 exd4 7.e5 Nge7 8.cxd4 cxd4
9.Re1 Qb6 10.Na3 O-O 11.Bg5 h6 12.Bf6 Bxf6 13.exf6 Nd5 14.Qd2 Kh7 15.Re4 Nxf6
16.Rh4 Ng8 17.Re1 d5 18.Bd3 Kg7 19.Nb5 Bd7 20.g4 Qd8 21.g5 h5 22.Nbxd4 Nge7
23.Qc3 Kg8 24.Rf4 Rc8 25.Qd2 Bg4 26.h4 Qd7 27.Rf6 Bh3 28.Kh2 Bg4 29.Ne5 Nxe5
30.Rxe5 Nc6 31.Nxc6 Rxc6 32.Qf4 Re8 33.Rxe8+ Qxe8 34.f3 Bd7 35.Kg3 Qe1+ 36.Kg2  0-1

[Event "BUL-chT"]
[Site "Bankia"]
[Date "1991.??.??"]
[Round "3"]
[White "Spasov, Vasil"]
[Black "Chakov, Plamen"]
[Result "1-0"]
[WhiteElo "2550"]
[BlackElo "2370"]

1.e4 c5 2.Nf3 Nc6 3.Bb5 e6 4.Bxc6 bxc6 5.O-O Ne7 6.Re1 Ng6 7.c3 Be7 8.d4 d5
9.e5 cxd4 10.cxd4 c5 11.dxc5 Bxc5 12.Be3 Bxe3 13.Rxe3 O-O 14.Nc3 Bd7 15.Ne2 f6
16.Ned4 fxe5 17.Nxe5 Nxe5 18.Rxe5 Qb6 19.Qd2 Rf6 20.g3 Rc8 21.b3 a5 22.Rae1 Qb4
23.Qxb4 axb4 24.f4 Rc7 25.Kf2 Rf8 26.Nxe6 Bxe6 27.Rxe6 Ra7 28.R1e2 Kf7 29.Rd6 Rfa8
30.Rxd5 Rxa2 31.h4 Rxe2+ 32.Kxe2 Ra2+ 33.Rd2 Ra3 34.Rd3 Ra2+ 35.Ke3 Rb2 36.g4 Rh2
37.h5 g6 38.Rd7+ Kg8 39.hxg6 hxg6 40.Ke4 Rb2 41.Rd3 Kf7 42.Kd5 Rg2 43.g5 Rb2
44.Kc4 Ke6 45.Kxb4 Rf2 46.Rd4 Kf5 47.Kc5 Rc2+ 48.Rc4  1-0

[Event "BUL-chT"]
[Site "Bankia"]
[Date "1991.??.??"]
[Round "5"]
[White "Zahariev, Zahari"]
[Black "Bunis, Vassilis"]
[Result "0-1"]
[WhiteElo "2375"]
[BlackElo "2295"]

1.e4 c5 2.Nf3 Nc6 3.Bb5 Qc7 4.O-O Nf6 5.Re1 a6 6.Bf1 d6 7.h3 e6 8.c3 Be7
9.d4 cxd4 10.cxd4 d5 11.e5 Ne4 12.Nbd2 f5 13.exf6 Nxf6 14.Nb3 O-O 15.Be3 Bd7
16.Rc1 Bb4 17.Bd2 Bd6 18.Bd3 Rae8 19.Ne5 Qb6 20.Be3 Ne7 21.Nc5 Bc8 22.Bg5 Bxe5
23.dxe5 Nd7 24.Nb3 Qxf2+ 25.Kh1 Nf5 26.Rc2 Qg3 27.Qd2 Nxe5 28.Bf4 Qxd3 29.Bxe5 Qxd2
30.Nxd2 Rf7 31.Nf3 h6 32.b3 Ne7 33.Nd4 Ng6 34.Nf3 Bd7 35.Bd4 Bb5 36.Rc3 Rf5
37.Rce3 Kf7 38.Kh2 Bc6 39.g4 Rf4 40.Kg3 Re4 41.Rxe4 dxe4 42.Ne5+ Nxe5 43.Bxe5 Rd8
44.Re3 Rd2 45.a4 g5 46.Bc7 Kg6 47.Bb6 h5 48.gxh5+ Kxh5 49.a5 Bd5 50.b4 Kg6
51.h4 gxh4+ 52.Kxh4 Kf5 53.Kg3 Rb2 54.Bc5 Bc4 55.Re1 Rb3+ 56.Re3 Rb1 57.Kf2 Rf1+
58.Kg3 Ke5 59.Kg2 Rb1 60.Kg3 Bd3 61.Kf2 Rf1+ 62.Kg2 Rc1 63.Kf2 Rf1+ 64.Kg2 Bb5
65.Rh3 Rf5 66.Rg3 Kd5 67.Re3 Bf1+ 68.Kg1 Bd3 69.Rg3 Bb5 70.Re3 Bc6 71.Kg2 Kc4
72.Kg1 Kd5 73.Be7 Kc4 74.Bc5 Kb5 75.Kg2 Rf7 76.Kg3 Rf1  0-1